Learn library classification / (Record no. 7036)
[ view plain ]
| 000 -LEADER | |
|---|---|
| fixed length control field | 00634cam a22002172 4500 |
| 001 - CONTROL NUMBER | |
| control field | 0000005372 |
| 005 - DATE AND TIME OF LATEST TRANSACTION | |
| control field | 20151217152003.0 |
| 008 - FIXED-LENGTH DATA ELEMENTS--GENERAL INFORMATION | |
| fixed length control field | 070612s xx 000 0 eng d |
| 020 ## - INTERNATIONAL STANDARD BOOK NUMBER | |
| International Standard Book Number | 8170004527 : |
| Terms of availability | KES 3,800 |
| 040 ## - CATALOGING SOURCE | |
| Original cataloging agency | KABU |
| Transcribing agency | KABU |
| 050 #0 - LIBRARY OF CONGRESS CALL NUMBER | |
| Classification number | Z696 |
| Item number | .D45 |
| 100 1# - MAIN ENTRY--PERSONAL NAME | |
| Personal name | Dhiman, Anil K. |
| -- | 0000156620 |
| 245 10 - TITLE STATEMENT | |
| Title | Learn library classification / |
| Statement of responsibility, etc. | Anil K. Dhiman, Yashoda Rani. |
| 260 ## - PUBLICATION, DISTRIBUTION, ETC. (IMPRINT) | |
| Place of publication, distribution, etc. | New Delhi : |
| Name of publisher, distributor, etc. | Ess Ess, |
| Date of publication, distribution, etc. | 2005. |
| 300 ## - PHYSICAL DESCRIPTION | |
| Extent | 259 p. |
| 650 #0 - SUBJECT ADDED ENTRY--TOPICAL TERM | |
| Topical term or geographic name as entry element | Classification |
| General subdivision | Books. |
| -- | 0000156646 |
| 700 1# - ADDED ENTRY--PERSONAL NAME | |
| Personal name | Rani, Yashoda. |
| -- | 0000156621 |
| 908 ## - PUT COMMAND PARAMETER (RLIN) | |
| Put command parameter | 070612 |
| 950 ## - LOCAL HOLDINGS (RLIN) | |
| -- | 1 |
| Withdrawn status | Lost status | Source of classification or shelving scheme | Not for loan | Home library | Current library | Date acquired | Total Checkouts | Full call number | Barcode | Date last seen | Price effective from | Koha item type |
|---|---|---|---|---|---|---|---|---|---|---|---|---|
| Library of Congress Classification | Kabarak, Main Campus | Kabarak, Main Campus | 17/12/2015 | Z696 .D45 | 001948 | 17/12/2015 | 17/12/2015 | General Collection |